| 000 | 00963nas a2200289 4500 | ||
|---|---|---|---|
| 001 | BR0300192 | ||
| 003 | BR-BrBNA | ||
| 005 | 20231205103532.0 | ||
| 007 | ta | ||
| 008 | 230509b bl.|||p| |||| 00| 00por d | ||
| 040 |
_aBR-BrBNA _bpor _cBiblioteca Nacional de Agricultura |
||
| 041 | _a(Pt) | ||
| 072 | _aH10 | ||
| 100 | 1 | _aRodrigues Netto, S.M. | |
| 100 | 1 | _aGuilhem, D.J. | |
| 245 | 1 | _aEpicauta atomaria (Germ.)(Coleoptera, Meloidae), primeiro registro de ocorrência em pomares de maracujá (Passiflora edulis var. flavicarpa, Degener)na região oeste do Estado de São Paulo | |
| 650 | _aMARACUJÁ PEROBA | ||
| 650 | _aPOMAR | ||
| 650 | _aINSETO | ||
| 650 | _aBURRINHO | ||
| 650 | _aIMPACTO AMBIENTAL | ||
| 650 | _aBIOLOGIA | ||
| 650 | _aSÃO PAULO | ||
| 773 | 0 |
_tArquivos do Instituto Biológico (Brazil) _xISSN 0020-3653 _g(Jul-Dec 2000), v. 67(2) p. 269-270 _wBR0300192 |
|
| 909 |
_a202311 _bLúcia _c55 _dLúcia Elande |
||
| 942 |
_2AGRIS _n0 _cANA |
||
| 999 |
_c173377 _d173377 |
||